000 00303 a2200145 4500
001 181042
020 _a
040 _cMagnum
100 _aMiguel, Lourdes
240 1 0 _aUna nota falsa
_lESP
245 1 0 _aUna nota falsa
362 0 _a1899
697 _aMAGNITO: LITERATURA ESTRANGEIR
942 _cBK
999 _c181042
_d181042